000 00443nam a2200133Ia 4500
008 160809s9999 xx 000 0 und d
100 _aMogaadi, Hayet.
245 _aGrasp Approach to RCPSP with MinMax Robustness Objective
245 _cHayet Mogaadi and Besma Fayech Chaar.
260 _bComputer Science and Information Technology
260 _cJanuary 2016
650 _xINFORMATION TECHNOLOGY
856 _uhttp://airccse.org/V6N49.html
999 _c300059
_d300059